| 000 | 01418cam a2200373 a 4500 | ||
|---|---|---|---|
| 001 | 11782100 | ||
| 005 | 20180123105927.0 | ||
| 008 | 990826s2009 mau |r 000 f eng | ||
| 010 | _a 99046756 | ||
| 020 | _a074759824X | ||
| 020 | _a9780747598244 | ||
| 040 |
_aDLC _cDLC _dDLC |
||
| 043 | _an-us-me | ||
| 050 | 0 | 0 |
_aPS3557.I3415 _bS74 2000 |
| 082 | 0 | 0 |
_a813.54 _222 _bGIL |
| 100 | 1 |
_924511 _aGilbert, Elizabeth, _d1969- |
|
| 245 | 1 | 0 |
_aStern Men / _cElizabeth Gilbert. |
| 260 |
_aLondon: _bBloomsbury, 2009 _c2009 |
||
| 300 |
_a289 p. ; _c24 cm. |
||
| 650 | 0 |
_aTeenage girls _vFiction. _924512 |
|
| 650 | 0 |
_aLobster fishers _vFiction. _924513 |
|
| 650 | 0 |
_aLobster fisheries _vFiction. _924514 |
|
| 651 | 0 |
_aMaine _vFiction. _924516 |
|
| 655 | 7 |
_aBildungsromans. _2gsafd _924517 |
|
| 655 | 7 |
_aLove stories. _2gsafd _924518 |
|
| 653 |
_bENG _cJune2011 |
||
| 650 | 0 |
_924515 _aIslands _vFiction |
|
| 856 | 4 | 1 |
_3Sample text _uhttp://www.loc.gov/catdir/samples/hm051/99046756.html |
| 856 | 4 | 2 |
_3Publisher description _uhttp://www.loc.gov/catdir/description/hm022/99046756.html |
| 856 | 4 | 2 |
_3Contributor biographical information _uhttp://www.loc.gov/catdir/enhancements/fy0736/99046756-b.html |
| 942 |
_2ddc _cBB |
||
| 999 |
_c15492 _d15492 |
||